Catálogo
 En Linea

Las letras precolombinas / (Registro nro. 22667)

Detalles MARC
000 -CABECERA
campo de control de longitud fija 01027nam a2200265 a 4500
001 - NÚMERO DE CONTROL
campo de control 000023170
005 - FECHA Y HORA DE LA ÚLTIMA TRANSACCIÓN
campo de control 20200930022032.0
008 - DATOS DE LONGITUD FIJA--INFORMACIÓN GENERAL
campo de control de longitud fija 101129s1979 mx b r 000 m spa d
020 ## - NÚMERO INTERNACIONAL ESTÁNDAR DEL LIBRO
Número Internacional Estándar del Libro 9682305144
040 ## - FUENTE DE LA CATALOGACIÓN
Centro catalogador/agencia de origen DO-SdBNP
Lengua de catalogación spa
Centro/agencia transcriptor BNPHU
041 17 - CÓDIGO DE LENGUA
Código de lengua del texto/banda sonora o título independiente spa
Código de lengua original fre
Fuente del código Código de idiomas MARC
082 ## - NÚMERO DE LA CLASIFICACIÓN DECIMAL DEWEY
Número de clasificación nnnn
Número de documento/Ítem L649p
049 ## - FONDOS LOCALES (OCLC)
Fondos de biblioteca BNGR
240 14 - TÍTULO UNIFORME
Título uniforme Les lettres précolombiennes.
Lenguaje de la obra Español.
245 04 - MENCIÓN DE TÍTULO
Título Las letras precolombinas /
Mención de responsabilidad, etc. compilación, introducción y notas por Georges Baudot ; prólogo de Jacques Soustelle ; traducción de Xavier Massimi.
260 ## - PUBLICACIÓN, DISTRIBUCIÓN, ETC.
Lugar de publicación, distribución, etc. México :
Nombre del editor, distribuidor, etc. Siglo Veintiuno,
Fecha de publicación, distribución, etc. 1979.
300 ## - DESCRIPCIÓN FÍSICA
Extensión 290, [6] p. :
Otras características físicas mapas ;
Dimensiones 23 cm.
490 1# - MENCIÓN DE SERIE
Mención de serie América nuestra
Designación de volumen o secuencia 24
504 ## - NOTA DE BIBLIOGRAFÍA, ETC.
Nota de bibliografía, etc. Incluye referencias bibliográficas y notas al pie de las páginas.
534 ## - NOTA SOBRE LA VERSIÓN ORIGINAL
Frase introductoria Título original en francés:
Mención de título del original Les lettres précolombiennes.
Publicación, distribución, etc. del original 1976
700 1# - PUNTO DE ACCESO ADICIONAL--NOMBRE DE PERSONA
Nombre de persona Baudot, Georges,
9 (RLIN) 47699
700 1# - PUNTO DE ACCESO ADICIONAL--NOMBRE DE PERSONA
Nombre de persona Soustelle, Jacques,
Término indicativo de función/relación pról.
9 (RLIN) 47700
700 1# - PUNTO DE ACCESO ADICIONAL--NOMBRE DE PERSONA
Nombre de persona Massimi, Xavier,
Término indicativo de función/relación tr.
9 (RLIN) 47701
830 #0 - PUNTO DE ACCESO ADICIONAL DE SERIE-TÍTULO UNIFORME
Título uniforme América nuestra ;
Designación de volumen o secuencia 24
9 (RLIN) 45567
Existencias
Estado de retiro Estado de pérdida Restricciones de uso No para préstamo Código de colección Localización permanente Ubicación/localización actual Ubicación en estantería Fecha de adquisición Número de inventario Total de préstamos Signatura topográfica completa Código de barras Fecha visto por última vez Precio válido a partir de Tipo de ítem Koha
    Préstamo interno   Monografías: Libros y Folletos General General En catalogación 29.11.2010 LF1   nnnn L649p 23170-10 25.06.2020 25.06.2020 Préstamo interno

Con tecnología Koha